| 000 | 01298nam a2200241Ia 4500 | ||
|---|---|---|---|
| 001 | 16279 | ||
| 003 | GE_BSU | ||
| 008 | 181216s||||||||xx |||||||||||||| ||und|| | ||
| 020 | _aISBN 978-994-0-4055-9 | ||
| 040 | _cGE_BSU | ||
| 080 | _a347(072) | ||
| 245 | _aსამოქალაქო სამართალი | ||
| 245 | _bშესავალი სამოქალაქო სამართლის ზოგად ნაწილში) (სასწ.-მეთოდ. მასალა ცოდნის შემოწმებისათვის) | ||
| 245 | _cშემდგ.: ქეთევან კვიცარიძე, მანანა მიქიაშვილი, ოთარ გორგიშელი [და სხვ.] ; რედ. თამარ გარდაფხაძე ; წინასიტყვ. ია ხარაზი | ||
| 260 | _aთბილისი | ||
| 260 | _bგეორგიკა | ||
| 260 | _c2012 | ||
| 300 | _a206გვ. ; 20სმ.. - დანართი: გვ. 120-204 | ||
| 541 | _h24ლ. | ||
| 653 | _aსამართალი | ||
| 653 | _aსამოქალაქო სამართალი - მეთოდური სახელმძღვანელოები; | ||
| 942 | _cBK | ||
| 999 |
_c49362 _d49362 |
||